Marco legal de la salud pública en Costa Rica /

El presente artículo presenta el marco jurídico de la salud en Costa Rica, refiriéndose al sustento constitucional y legal del derecho a la salud, desde una perspectiva de derechos humanos. Dicho marco legal fundamenta las actividades que les competen a los actores del sector salud. A su vez, aborda...

Szczegółowa specyfikacja

Zapisane w:
Opis bibliograficzny
1. autor: Vargas López, Karen
Format: Texto
Hasła przedmiotowe:
Etykiety: Dodaj etykietę
Nie ma etykietki, Dołącz pierwszą etykiete!

MARC

LEADER 00000 a a2200000 04500
001 41501
003
040
100 |a Vargas López, Karen  
245 |a Marco legal de la salud pública en Costa Rica /  |c Karen Vargas López  
520 |a El presente artículo presenta el marco jurídico de la salud en Costa Rica, refiriéndose al sustento constitucional y legal del derecho a la salud, desde una perspectiva de derechos humanos. Dicho marco legal fundamenta las actividades que les competen a los actores del sector salud. A su vez, aborda aspectos como, la rectoría de la salud, prestación de servicios médicos, atención medica de sectores vulnerables (madres, adolescentes, niños y niñas, migrante, portadores de VIH/SIDA, explotación minera, aguas y gestión ambiental).  
590 |a SJB/MAYO2011  
650 |a 1.ADMINISTRACION DE LA SALUD  
650 |a 2.DERECHOS HUMANOS  
650 |a 3.POLITICA DE SALUD  
650 |a 4.LEGISLACION SANITARIA  
650 |a 5.SALUD PUBLICA  
650 |a 6.SALUD  
650 |a 7.COSTA RICA  
773 |g páginas 449-470  
999 |c 28457  |d 28457